| 000 | 00484nam a2200157Ia 4500 | ||
|---|---|---|---|
| 003 | Ost | ||
| 005 | 20260507075701.0 | ||
| 008 | 260507s9999||||xx |||||||||||||| ||und|| | ||
| 040 | _cfsecg | ||
| 041 | _aara | ||
| 100 |
_aمحتوت، ي _eمؤلف |
||
| 245 | 0 |
_aقانون الاجراءات الجبائية / _c ي محتوت |
|
| 260 |
_aالجزائر: _bدار هومه للطباعة والنشر والتوزيع, _c2005 |
||
| 653 | _aقانون جبائي | ||
| 942 | _cكتاب | ||
| 999 |
_c45819 _d45819 |
||